Čo robiť na vychádzkach do prírody?

Bibliographic Details
Main Author: Brteková, Soňa (Author)
Format: Article
Language:Slovak

MARC

LEADER 00000nab a2200000ua 4500
001 vtls010750831
003 SK-MaSNL
005 20260304202708.0
008 250718s xo |||||||||||||||||slo|
035 |a (urnnbn)urn:nbn:sk:snk:ar-a00by8 
035 |a (uuid)199d5390-2729-4d9d-991d-ff09e5d378cb 
035 |a urn:nbn:sk:snk-ab46kv 
040 |a SNKBUCL  |b slo  |c SNKBUCL  |e AACR2 
041 0 |a slo 
044 |a xo  |c SK 
100 1 |a Brteková, Soňa  |4 aut  |9 410288 
245 1 0 |a Čo robiť na vychádzkach do prírody?  |c Soňa Brteková 
773 0 |t Rodina a škola  |g Roč. 12, č. 10 (1964-1965), s. 234-235 
850 |a Slovenská národná knižnica 
852 |a Slovenská národná knižnica 
954 |a odborná, vedecká literatúra pôvodná (slovenská)  |2 lita 
958 |a article3 
958 |a OND 
958 |a EUIPO 
999 |c 3104875  |d 3106805